Voting, civic duty and transaction costs in transition countries

Na minha lista:
Detalhes bibliográficos
Autor principal: Orviská, Marta
Outros Autores: Čaplánová, Anetta, 1967-, Hudson, John
Formato: Capítulo de Livro
Idioma:inglês
Tags: Adicionar Tag
Sem tags, seja o primeiro a adicionar uma tag!

MARC

LEADER 00000nla$a2200000$$$4500
001 0112625
005 20240502072242.7
041 0 |a eng 
044 |a SK 
245 1 0 |a Voting, civic duty and transaction costs in transition countries  |c Marta Orviská, Anetta Čaplánová, John Hudson 
100 1 |a Orviská, Marta 
700 1 |a Čaplánová, Anetta, 1967- 
700 1 |a Hudson, John